[Event "Dresden ZMD op-B 21st"]
[Site "Dresden"]
[Date "2012.08.26"]
[Round "9"]
[White "Nobis, Anna"]
[Black "Schuermann, Ralf"]
[Result "1/2-1/2"]
[WhiteElo "1773"]
[BlackElo "1858"]
[PlyCount "79"]
[EventDate "2012.08.18"]
[EventType "swiss"]
[EventRounds "9"]
[EventCountry "GER"]
[SourceTitle "CBM 150 Extra"]
[Source "ChessBase"]
[SourceDate "2012.10.19"]
[SourceVersion "1"]
[SourceVersionDate "2012.10.19"]
[SourceQuality "1"]

1. e4 e5 2. Bc4 Nc6 3. Nf3 Bc5 4. c3 Nf6 5. d3 a6 6. Bb3 d6 7. 0-0 Qe7 8. Re1 h6 9. Bc2 0-0 10. Nbd2 Bg4 11. Nf1 Nd7 12. Ng3 Qf6 13. Bd2 Ne7 14. Be3 Bxf3 15. Qxf3 Qxf3 16. gxf3 Ng6 17. Nf5 Rfe8 18. Bb3 Rad8 19. Kh1 Bxe3 20. fxe3 Ne7 21. Nh4 Nc5 22. Bc2 Kh8 23. d4 Nd7 24. Bb3 Rf8 25. Nf5 Nxf5 26. exf5 Nf6 27. Rg1 Rfe8 28. e4 Re7 29. Rad1 Nh5 30. Rd2 f6 31. dxe5 fxe5 32. Bd5 Rf8 33. b4 Nf4 34. Bb3 Ra8 35. a4 a5 36. b5 b6 37. Ba2 Rf8 38. Bb3 Rf6 39. Rg3 Rf8 40. Rg1 1/2-1/2

[Event "Dresden ZMD op-B 21st"]
[Site "Dresden"]
[Date "2012.08.21"]
[Round "4"]
[White "Schuermann, Ralf"]
[Black "Jacob, Tobias"]
[Result "0-1"]
[WhiteElo "1858"]
[BlackElo "1874"]
[PlyCount "138"]
[EventDate "2012.08.18"]
[EventType "swiss"]
[EventRounds "9"]
[EventCountry "GER"]
[SourceTitle "CBM 150 Extra"]
[Source "ChessBase"]
[SourceDate "2012.10.19"]
[SourceVersion "1"]
[SourceVersionDate "2012.10.19"]
[SourceQuality "1"]

1. e4 c5 2. Nf3 d6 3. d4 cxd4 4. Nxd4 Nf6 5. Nc3 a6 6. Be3 e5 7. Nb3 Be6 8. Be2 Be7 9. f3 Nbd7 10. Qd2 0-0 11. 0-0-0 b5 12. g4 b4 13. Nd5 Bxd5 14. exd5 Nb6 15. Bxb6 Qxb6 16. Kb1 a5 17. Nc1 Rfc8 18. Qd3 Rc5 19. Qe3 Qa7 20. Nd3 Rxd5 21. Qxa7 Rxa7 22. Nf2 Rc5 23. Ne4 Rc6 24. Nxf6+ Bxf6 25. Rd5 Be7 26. Rhd1 Rc5 27. Rxc5 dxc5 28. Rd5 f6 29. Kc1 Kf7 30. Kd2 Rc7 31. Bc4 Kg6 32. Ke3 Kg5 33. Kf2 Kf4 34. h3 g6 35. Rd1 f5 36. Be6 h5 37. Rd7 Rxd7 38. Bxd7 fxg4 39. fxg4 h4 40. Bb5 e4 41. Bc4 Bf6 42. b3 g5 43. Bb5 Bd4+ 44. Kg2 Ke3 45. Bc6 Be5 46. Bb7 Bg3 47. Bc6 Kd4 48. Kf1 e3 49. Ke2 Bf2 50. Kd1 Ke5 51. Ke2 Kf4 52. Bg2 Kg3 53. Bf1 Bg1 54. Ke1 Kf3 55. Be2+ Kf4 56. Bd3 Kf3 57. Be2+ Ke4 58. Bd3+ Kd4 59. Kd1 Kc3 60. Kc1 Bf2 61. Bf1 Be1 62. Bd3 Bd2+ 63. Kd1 Kb2 64. Bf1 Kxa2 65. Ke2 Kb2 66. Kd3 Bc3 67. Be2 c4+ 68. bxc4 a4 69. c5 a3 0-1